000 00875nam a22002297a 4500
003 BD-DhSAU
005 20210916152835.0
008 210916b xxu||||| |||| 00| 0 eng d
040 _aBD-DhSAU
082 _222
_a635
_bZ133
100 _aZAHAN, MD. MEHEDI
_eREG. NO:#12-04928
245 _aInfluence of calcium and naa on the growth, yield and quality of hot pepper (capsicum frutescens) /
_bMs Thesis
260 _aDepartment of Horticulture;
_b Sher-e-Bangla Agricultural University, Dhaka-1207;
_c2018;
300 _aviii,73p.;
_c30cm.;
590 _anazmul
610 _acalcium and naa,
650 _apepper (capsicum frutescens)
700 _aDr. Mohammed Humayun Kabir
_eSupervisor
710 _aDr. Md. Ismail Hossain
_eCo-Supervisor
856 _uhttp://archive.saulibrary.edu.bd:8080/xmlui/handle/123456789/3016
_yOnline Access
942 _2ddc
_cTHESIS
999 _c15209
_d15208